GETS Theological Seminary Library

西方文论关键词 (Record no. 2184)

MARC details
000 -LEADER
fixed length control field 01104nam a2200253Ia 4500
003 - CONTROL NUMBER IDENTIFIER
control field OSt
005 - DATE AND TIME OF LATEST TRANSACTION
control field 20241115122817.0
008 - FIXED-LENGTH DATA ELEMENTS--GENERAL INFORMATION
fixed length control field 200812s9999 xx 000 0 und d
020 ## - INTERNATIONAL STANDARD BOOK NUMBER
International Standard Book Number 9787560053288
040 ## - CATALOGING SOURCE
Transcribing agency 0
041 ## - LANGUAGE CODE
Language code of text/sound track or separate title chi
050 ## - LIBRARY OF CONGRESS CALL NUMBER
Classification number PN441
Item number .X55 2006
245 ## - TITLE STATEMENT
Title 西方文论关键词
Remainder of title /
Statement of responsibility, etc. 赵一凡,張中载, 李德恩编
246 ## - VARYING FORM OF TITLE
Title proper/short title 西方文論關鍵詞
260 ## - PUBLICATION, DISTRIBUTION, ETC.
Place of publication, distribution, etc. 北京 :
Name of publisher, distributor, etc. 外语教学与研究出版社,
Date of publication, distribution, etc. 2006
300 ## - PHYSICAL DESCRIPTION
Extent vii, 925 p.
Other physical details ;
Dimensions 24 cm.
505 ## - FORMATTED CONTENTS NOTE
Formatted contents note 《西方文论关键词》以一词一文的形式对西方文学及文化批评理论当中的关键用语和时新词汇予以明确阐释,共收录论文83篇,均提供简明扼要的概念解说和背景介绍,对每一概念的发展衍变过程进行了仔细的梳理辨析,且力求外国理论与评论的基础上提出我国学者的自家见解。
650 ## - SUBJECT ADDED ENTRY--TOPICAL TERM
Topical term or geographic name entry element Criticism--History--20th century--Terminology.
650 ## - SUBJECT ADDED ENTRY--TOPICAL TERM
Topical term or geographic name entry element Literature--History and criticism--Theory, etc. --Terminology.
700 ## - ADDED ENTRY--PERSONAL NAME
Personal name 張中载
700 ## - ADDED ENTRY--PERSONAL NAME
Personal name 李德恩
700 ## - ADDED ENTRY--PERSONAL NAME
Personal name 赵一凡
942 ## - ADDED ENTRY ELEMENTS (KOHA)
Source of classification or shelving scheme
Koha item type Chinese Book
Holdings
Withdrawn status Lost status Damaged status Not for loan Home library Current library Shelving location Date acquired Total Checkouts Full call number Barcode Date last seen Price effective from Koha item type
        GETS Theological Seminary Library GETS Theological Seminary Library General Stacks 08/12/2020   PN441 .X55 2006 00001039 08/12/2020 08/12/2020 Chinese Book
OpacCredits

Contact the Librarian, GETS Library
Email: library@mygets.org









Implemented by GETS Library
(Powered by ETCA Professional Group)
GETS Theological Seminary
412 E. Rowland Street, CA 91723